000 00979nam a22003017a 4500
003 CHAP
005 20220329141651.0
008 971013s1985 r 00010 d
010 _a71907
011 _a72879
035 _a82435
040 _cCHAP
082 _a001.6424
_bD39Y
100 0 0 _aDavis, William S.
_931302
245 _aIniciación en Basic
260 _aMéxico, D.F. :
_bFondo Educativo Interamericano,
_c1985
300 _a187 p.
590 _aBATCH-UPD
_b10
_c20130110
_lUCH01
_h0721
590 _aBATCH-UPD
_b10
_c20130410
_lUCH01
_h0405
590 _aBATCH-UPD
_b10
_c20130914
_lUCH01
_h0544
590 _aCONVERSION
_b10
_c20130109
_lUCH01
_h1339
650 1 4 _aBASIC (Programación)
_910695
650 1 4 _aLenguajes de programación.
_965989
901 _aBK
942 _cLIBRO
949 _a001.6424 D39Y
_bBC
_cLIBRO
_d33724000290649
_eLIBRO
_h66809
_i82435
_si
_t1500.00
949 _a001.6424 D39Y
_bBC
_cLIBRO
_d33724000290656
_eLIBRO
_fc.2
_h66810
_i82435
_si
_t1500.00
999 _c71907
_d71907